|
|
|
|
| LEADER |
01102nam a22002172a 4500 |
| 001 |
000238459 |
| 003 |
CZ BrMZK |
| 005 |
20070911132948.0 |
| 008 |
920101s1984 xr f cze d |
| 040 |
|
|
|a BOA001
|b cze
|c BOA002
|
| 100 |
1 |
|
|a Matoušek, Josef,
|d 1939-
|7 jo20010092716
|4 aut
|
| 245 |
1 |
0 |
|a 75 let katedry technologie silikátů Vysoké školy chemicko-technologické v Praze /
|c Josef Matoušek.
|
| 246 |
3 |
3 |
|a Sedmdesát pět let katedry technologie silikátů Vysoké školy chemicko-technologické v Praze
|
| 260 |
|
|
|a Praha :
|b Státní pedagogické nakladatelství,
|c 1984
|
| 300 |
|
|
|a S. 5-12
|
| 500 |
|
|
|a Zvl. otisk z čas. Sborník Vysoké školy chemicko-technologické v Praze. Řada L 11 - Chemie a technologie silikátů. - Rozmnoženo
|
| 710 |
2 |
|
|a Vysoká škola chemicko-technologická v Praze
|7 kn20010710384
|
| 910 |
|
|
|a BOA001
|b PK-0097.964
|
| 964 |
|
|
|a Praha - školy vysoké - Vysoká škola ekonomicko-technologická - katedra technologie silikátů - výročí 75.
|
| 990 |
|
|
|a BK
|
| 996 |
7 |
|
|b 3119911286
|c PK-0097.964
|l MZK
|r Sklad / do 1 hodiny
|n 2
|w 000238459
|u 000010
|a 1
|e BOA001
|j MZK50
|s A
|